000 00599nam a22001697a 4500
005 20230927124416.0
020 _a97859385958168
_c1295.00
082 _a005.8
_2First
100 _aKhullar, Sanchit
_957555
245 _aDictionary of Terms in Cyber Security/
_cby Sanchit Khullar
250 _aFirst
260 _aNew Delhi
_bThe Readers Paradise
_c2019
270 _a103., 4787/23, Ansari Road, Daryaganj
_bNew Delhi
_e110002
_mthereadersparadisesales@gmail.com
300 _a250p.
_c25cm(hbk)
942 _2ddc
_cEN
_h005.8
_mKHU
999 _c198605
_d198605